00474nam a2200181 a 4500001001300000003000900013005001700022008004100039020001000080082001300090100001900103245006600122260002100188300000900209500003500218650002000253700001900273nice12345678IN_TiNIC20260116014240.0070823s2006 dela grp 000 0 eng  ac32500a425bCAR aCarter, Ronald aExploring Grammar in Contextb Grammar Reference and Practice aDelhibBb c2006 a286p aincludes index and biblioraphy aEnglish-Grammar1 aCarter, Ronald